|
|
|
|
| LEADER |
00000cam a2200000 4500 |
| 001 |
vtls012273431 |
| 003 |
SK-MaSNL |
| 005 |
20260301061043.0 |
| 008 |
250317s2025 xo o g f 000 0 slo |
| 015 |
|
|
|a SNBA2025/06
|
| 020 |
|
|
|a 9788055196404
|q (brožované)
|
| 040 |
|
|
|a SNK
|b slo
|c SNK
|e rda
|
| 041 |
1 |
|
|a slo
|h ger
|
| 044 |
|
|
|a xo
|c SK
|
| 072 |
|
7 |
|a 615.8
|x Fyzioterapia. Psychoterapia. Alternatívna medicína
|2 konspekt
|
| 080 |
|
|
|a 617.58
|2 2011
|
| 080 |
|
|
|a 615.825
|2 2011
|
| 080 |
|
|
|a (035)
|2 2011
|
| 100 |
1 |
|
|a Rogall, Thomas,
|d 1961-
|4 aut
|9 255526
|
| 240 |
1 |
0 |
|a Erste Hilfe für die Füße
|l Slovensky
|
| 245 |
1 |
0 |
|a Prvá pomoc pre nohy
|b cvičte preventívne, zmierňujte bolesť, vyhýbajte sa operáciám
|c Thomas Rogall ; z německého originálu Erste Hilfe für die Füße ... přeložil Ivan Fekete
|
| 250 |
|
|
|a Prvé vydanie
|
| 264 |
|
1 |
|a Bratislava
|b Ikar, a.s. - Príroda
|c 2025
|
| 300 |
|
|
|a 93 strán
|b farebné fotografie
|c 20 cm
|
| 336 |
|
|
|a text
|b txt
|2 rdacontent
|
| 336 |
|
|
|a statický obraz
|b sti
|2 rdacontent
|
| 337 |
|
|
|a bez média
|b n
|2 rdamedia
|
| 338 |
|
|
|a zväzok
|b nc
|2 rdacarrier
|
| 500 |
|
|
|a Obsahuje profesijné údaje o autorovi na záložke obálky publikácie
|
| 650 |
0 |
7 |
|a dolné končatiny
|2 SNKPH
|9 28862
|
| 650 |
0 |
7 |
|a zdravotná telesná výchova
|2 SNKPH
|9 2584
|
| 650 |
0 |
7 |
|a pohybová terapia
|2 SNKPH
|9 2567
|
| 650 |
0 |
7 |
|a Lower extremities
|2 SNKPHeng
|9 316650
|
| 650 |
0 |
7 |
|a Adapted physical education
|2 SNKPHeng
|9 137353
|
| 650 |
0 |
7 |
|a Movement therapy
|2 SNKPHeng
|9 317832
|
| 655 |
|
7 |
|a príručky
|2 SNKPH
|9 74364
|
| 655 |
|
7 |
|a Handbooks, manuals, etc.
|2 SNKPHeng
|9 90964
|
| 700 |
1 |
|
|a Fekete, Ivan
|4 trl
|9 210658
|
| 852 |
|
|
|a Slovenská národná knižnica
|
| 919 |
|
|
|a 978-80-551-9640-4
|
| 954 |
|
|
|a odborná, vedecká literatúra cudzojazyčná (svetová)
|2 lita
|
| 958 |
|
|
|a UP
|
| 968 |
|
|
|b DT
|
| 999 |
|
|
|c 616721
|d 618651
|
| 952 |
|
|
|a SNK
|b SNK
|y VYP
|7 0
|p 17A1577140
|o snkSD 93325 D1
|i snk2025/13455
|8 0
|0 0
|1 0
|4 0
|d 2025-08-26
|l 0
|r 2026-02-23 16:41:58
|w 2026-02-23
|
| 952 |
|
|
|a SNK
|b SNK
|y PREZ
|7 0
|p 17A1573801
|o snkSD 93325
|i snk2025/7916
|8 0
|0 0
|1 0
|4 0
|d 2025-05-19
|l 0
|r 2026-02-23 16:41:58
|w 2026-02-23
|